000 00351nam a22001217a 4500
020 _a0321262514
082 _222
_a005.74
100 _aClark, Tom.
245 _aStorage visualization :
_btechnologies for simplifying data storage and management /
260 _aUSA,
_bAddison Nesley,
_cc2005.
300 _axvii, 234p. ;
_bill. ;
_c23 cm.
942 _2ddc
_cIT
999 _c1353
_d1353